000 01450pam a2200349Ia 4500
001 ebr10042652
003 CaPaEBR
006 m u
007 cr cn|||||||||
008 010329s2001 ilu sb 001 0 eng d
010 _z 2001001963
020 _z0810121301
020 _z0810116928 (cloth : alk. paper)
040 _aCaPaEBR
_cCaPaEBR
035 _a(OCoLC)70770676
050 1 4 _aPG3015.5.P58
_bH47 2001eb
082 0 4 _a891.709/35206942
_221
100 1 _aHerman, David,
_d1962-
245 1 0 _aPoverty of the imagination
_h[electronic resource] :
_bnineteenth-century Russian literature about the poor /
_cDavid Herman.
260 _aEvanston, Illinois :
_bNorthwestern University Press,
_c2001.
300 _axxii, 304 p.
490 1 _aStudies in Russian literature and theory
504 _aIncludes bibliographical references (p. 263-273) and index.
533 _aElectronic reproduction.
_bPalo Alto, Calif. :
_cebrary,
_d2009.
_nAvailable via World Wide Web.
_nAccess may be limited to ebrary affiliated libraries.
650 0 _aRussian literature
_y19th century
_xHistory and criticism.
650 0 _aPoor in literature.
650 0 _aPoverty in literature.
655 7 _aElectronic books.
_2local
710 2 _aebrary, Inc.
830 0 _aStudies in Russian literature and theory.
856 4 0 _uhttp://site.ebrary.com/lib/rucke/Doc?id=10042652
_zAn electronic book accessible through the World Wide Web; click to view
999 _c59538
_d59538